[Event "Chester e2e4 op-B"]
[Site "Chester"]
[Date "2013.01.19"]
[Round "3"]
[White "Hughes, Colin J"]
[Black "Bryan, David K"]
[Result "0-1"]
[WhiteElo "1710"]
[BlackElo "1894"]
[PlyCount "50"]
[EventDate "2013.01.18"]
[EventType "swiss"]
[EventRounds "7"]
[EventCountry "ENG"]
[SourceTitle "EXT 2015"]
[Source "ChessBase"]
[SourceDate "2014.11.20"]
[SourceVersion "1"]
[SourceVersionDate "2014.11.20"]
[SourceQuality "1"]

1. e4 d5 2. exd5 Qxd5 3. Nc3 Qa5 4. d4 Nf6 5. Bd3 c6 6. Nge2 Bg4 7. f3 Bh5 8. 0-0 e6 9. Nf4 Bd6 10. Nce2 Nbd7 11. c3 Qc7 12. Qc2 0-0-0 13. g3 Bg6 14. c4 e5 15. Nxg6 hxg6 16. c5 Be7 17. Qc4 Nd5 18. b4 exd4 19. Nxd4 Ne5 20. Qb3 Nxd3 21. Qxd3 Nxb4 22. Qc4 Nd5 23. Rb1 Qa5 24. Qb3 Rd7 25. Kh1 Qxc5 0-1